000 00315nam a22001217a 4500
999 _c12334
_d12334
020 _a9781576603147
082 _a332.63
100 _a Thomas R. DeMark
245 _aDeMark Indicators (Bloomberg Market Essentials: Technical Analysis)
260 _aNew York
_bBloomberg
_c2008
300 _a224 pages.
942 _cBK